| 000 | 00428nam a22001697a 4500 | ||
|---|---|---|---|
| 003 | CEME | ||
| 005 | 20210628205746.0 | ||
| 008 | 210316b xxu||||| |||| 00| 0 eng d | ||
| 040 | _c. | ||
| 082 | _a891.4394 SHA | ||
| 100 |
_aSheema Majeed _976937 |
||
| 245 | _aShahaab nagar qudrat ullah shahaab | ||
| 260 |
_aLAHORE _bJUNG PUBLISHER _c1997 |
||
| 300 | _a663P | ||
| 650 |
_aURDU ADAB-SHAHAAB NAGAR _976938 |
||
| 942 |
_cBK _2ddc |
||
| 999 |
_c582247 _d582247 |
||